| 000 | 00703 a2200217 4500 | ||
|---|---|---|---|
| 020 | _a0335196128 | ||
| 020 | _a033519611X | ||
| 040 |
_aDLC _bDLC |
||
| 100 | 1 | _aCryer, Pat. | |
| 245 | 1 | 4 |
_aThe research student's guide to success _cPat Cryer. |
| 250 | _a3rd ed. | ||
| 260 |
_aNew Delhi; _aViva Books : _bOpen University Press, _c2006. |
||
| 300 |
_axiii, 269 p. ; _c23 cm. |
||
| 650 | 0 |
_aStudy skills _zGreat Britain. |
|
| 650 | 0 |
_aDoctor of philosophy degree _zGreat Britain. |
|
| 650 | 0 |
_aReport writing _zGreat Britain. |
|
| 650 | 0 |
_aDissertations, Academic _zGreat Britain. |
|
| 650 | 0 |
_aGraduate students _zGreat Britain. |
|
| 650 | 0 |
_aResearch _zGreat Britain. |
|
| 942 |
_cBK _k378.170281 CRY _2ddc |
||
| 999 |
_c7373 _d7373 |
||